000
00295nam a22001337a 4500
008
170623b xxu||||| |||| 00| 0 eng d
020
_a
978007298931132
041
_a
eng
080
_2
7 ED
_a
32
100
_a
21
101
_a
SHP
245
_a
THE AMERICAN
_c
PATTERSO.THE
942
_2
udc
_c
BK
999
_c
19087
_d
19087